| 000 | 02098ncm0a22003731 4500 | ||
|---|---|---|---|
| 001 | RU\NLR\ONIZ\218793 | ||
| 005 | 20250626062706.0 | ||
| 013 | _a979-0-3522-0876-6 | ||
| 035 | _aRU\NLR\ONIZ\Таня\5000004717\20170615111442 | ||
| 035 | _a(NLR Aleph) 011415281 | ||
| 071 | 2 | 0 | _aс 6775 к |
| 090 |
_a11581232 _c11581232 |
||
| 100 | _a20170615d2015 |||y0rusy50 ca | ||
| 101 | 0 |
_aeng _arus |
|
| 102 | _aRU | ||
| 125 | _azx | ||
| 145 | 0 | _ab | |
| 200 | 1 |
_aФортепианный калейдоскоп, или музыка для всех! _bНоты _dPiano kaleidoscope or music for everybody! _zeng _eальбом оригинал. фп. пьес и транскрипций отеч. и зарубеж. композиторов _fред.-сост. С. Поддубный |
|
| 210 |
_aСанкт-Петербург _cКомпозитор-Санкт-Петербург _d2015 |
||
| 215 |
_a[64] _cил. _d29 см |
||
| 300 | _aНа с. 3: от сост. | ||
| 313 | _aСистематизация документа проведена по изданию - Методика классифицирования музыкальных произведений (нотных изданий) по таблицам Библиотечно-библиографических классификаций : метод. рекомендации / Гос. б-ка СССР им. В.И. Ленина.- М., 1977. Индексу ББК методических рекомендаций присваивается код ББК для научных библиотек - LBC/SL | ||
| 606 | 1 |
_aПроизведения для фортепиано _jНоты _2nlr_sh |
|
| 686 |
_aЩ954.2я43 _vLBC/SL _2rubbk |
||
| 700 | 1 |
_9z01790 _aПоддубный _bС. Н. _f1954- _gСергей Николаевич _4230 _7ca |
|
| 790 | 1 |
_9z01700 _aPoddubny _bS. N. _f1954- _gSergey Nikolaevich _4230 |
|
| 801 | 0 |
_aRU _bNLR _c20170615 _gPSBO |
|
| 801 | 1 |
_aRU _bNLR _c20170615 _2rusmarc |
|
| 801 | 2 |
_aRU _bNLR _c20170615 |
|
| 852 |
_aNLR _bМ _jК-3/27793 _p257940 _t1 |
||
| 942 | _cSCORE | ||
| 980 | _aNB | ||
| 980 | _aONIZ | ||